People of Republican China: 1911-1928 - Statistics

General Stats
  • This quiz has been taken 47 times
  • The average score is 10 of 15
Answer Stats
Picture Hint Answer % Correct
1882-1916 Cai E
100%
1893-1976 Mao Zedong
100%
1859-1916 Yuan Shikai
100%
1901-2001 Zhang Xueliang
100%
1875-1928 Zhang Zuolin
100%
1893-1981 Song Qingling (Soong Ching-ling)
89%
1883-1944 Wang Jingwei
86%
1881-1932 Zhang Zongchang
86%
1887-1975 Chiang Kai-shek
83%
1864-1928 Li Yuanhong
83%
1855-1939 Xu Shichang
83%
1866-1925 Sun Yat-sen
80%
1906-1967 Xuantong Emperor (Puyi)
80%
1868-1940 Cai Yuanpei
75%
1878-1933 Chen Jiongming
75%
1865-1936 Duan Qirui
75%
1862-1938 Cao Kun
67%
1888-1985 Gu Weijun (V.K. Wellington Koo)
67%
1874-1916 Huang Xing
67%
1879-1936 Hu Hanmin
67%
1859-1919 Feng Guozhang
60%
1894-1971 Song Ziwen (T.V. Soong)
60%
1889-1927 Li Dazhao
57%
1879-1942 Chen Duxiu
50%
1882-1948 Feng Yuxiang
50%
1907-1971 Hu Shih
50%
1880-1967 Kong Xiangxi (H.H. Kung)
50%
1890-1969 Li Zongren
50%
1882-1913 Song Jiaoren
50%
1880-1930 Tan Yankai
50%
1854-1923 Zhang Xun
50%
1883-1927 Tang Jiyao
43%
1881-1936 Lu Xun
40%
1885-1935 Sun Chuanfang
40%
1883-1960 Yan Xishan
40%
1878-1916 Chen Qimei
33%
1884-1951 Mikhail Borodin
33%
1874-1939 Wu Peifu
33%
1898-1976 Zhou Enlai
33%
1877-1925 Liao Zhongkai
25%
No matching quizzes found
Score Distribution
Percent of People with Each Score
Percentile by Number Answered
Your Score History
You have not taken this quiz